LEADER 01427nam a22003011i 4500 001 991000424669707536 005 20040129135145.0 008 040204s1989 it a||||||||||||||||ita 035 $ab1261435x-39ule_inst 035 $aARCHE-062155$9ExL 040 $aDip. SSC$bita$cA.t.i. Arché s.c.r.l. Pandora Sicilia s.r.l. 082 04$a372 110 2 $aMovimento di cooperazione educativa$0156923 245 10$aTra il dire e il fare :$besperienze e contributi per la scuola elementare proposti dal Movimento di cooperazione educativa 260 $aFirenze :$bLa nuova Italia,$c1989 300 $aXI, 334 p. :$bill. ;$c21 cm 440 0$aDidattica viva ;$v137 440 0$aQuaderni di Cooperazione educativa.$nNuova serie ;$v9 650 4$aEducazione$xScuola elementare$zItalia 907 $a.b1261435x$b02-04-14$c12-02-04 912 $a991000424669707536 945 $aLE022 MP 75 B 16$g1$i2022000081962$lle022$o-$pE0.00$q-$rl$s- $t0$u0$v0$w0$x0$y.i13140346$z17-03-04 945 $aLE021 DI1D15$g1$iLE021-6620$lle021$o-$pE0.00$q-$rl$s- $t0$u0$v0$w0$x0$y.i13096850$z12-02-04 945 $aLE021 DI1A7$g2$iLE021-4365$lle021$o-$pE0.00$q-$rl$s- $t0$u0$v0$w0$x0$y.i13096862$z12-02-04 945 $aLE021 DI1A8$g3$iLE021-5909$lle021$o-$pE0.00$q-$rl$s- $t0$u0$v0$w0$x0$y.i13096874$z12-02-04 996 $aTra il dire e il fare$9278076 997 $aUNISALENTO 998 $ale022$a(3)le021$b12-02-04$cm$da $e-$fita$git $h0$i4 LEADER 01218nas 2200373-a 450 001 9910267951703321 005 20240911213022.0 035 $a(CKB)110978966553874 035 $a(CONSER)---73644462- 035 $a(EXLCZ)99110978966553874 100 $a20740801b19731995 --- a 101 0 $aeng 181 $ctxt$2rdacontent 182 $cc$2rdamedia 183 $acr$2rdacarrier 200 00$aHawaii review 210 $aHonolulu, Hawaii $cBoard of Publications, Associated Students of the University of Hawaii$d©1973-©1995 215 $a1 online resource 311 $aPrint version: Hawaii review. (DLC) 73644462 (OCoLC)1787393 0093-9625 517 1 $aHR 606 $aAmerican literature$y20th century$vPeriodicals 606 $aAmerican literature$2fast$3(OCoLC)fst00807113 608 $aPeriodicals.$2fast 608 $aLittle magazines$zUnited States.$2rbgenr 610 $aSerial 615 0$aAmerican literature 615 7$aAmerican literature. 676 $a810/.8/0054 712 02$aUniversity of Hawaii at Manoa.$bBoard of Publications. 906 $aJOURNAL 912 $a9910267951703321 920 $aexl_impl conversion 996 $aHawaii review$92290122 997 $aUNINA